000
00276nam a2200109Ia 4500
001
588909
005
20250717120839.0
008
250717s9999 xx 000 0 und d
245
0
_a
Y-7 FATİH SULTAN MEHMED
_c
İSMAİL BİLGİN
260
_b
ERDEM YAYINLARI
_c
2020
300
_b
111
999
_c
588909
_d
588909